• 首页
  • 本馆介绍
  • 公告通知
  • 最新文献
  • 馆藏检索
  • 电子资源
  • 读者导购
  • 参考咨询
  • 我的图书馆
  • 登录
  • 详细信息显示
  • 放入我的书架
  • 预约/预借图书
  • 作者相关作品
  • 分类相关作品
  • 丛书相关作品
  • 出版社相关作品

书目信息

  • 表格格式
  • 工作单格式
  • 卡片格式
题名:
我爱跆拳道
    
 
作者: 孙昌建 著
分册:  
出版信息: 上海   上海人民出版社  2005
页数: 316页
开本: 21cm
丛书名:
单 册:
中图分类: I287.45 , I247.5
科图分类:
主题词: 儿童文学--长篇小说--中国--现代 , 中国 , 长篇小说
电子资源:
ISBN: 7-208-05578-5
000 00650nam0 2200241 450
001 1571941495
005 20150128195925.89
010    @a7-208-05578-5@dCNY18.00
100    @a20060618d2005 em y0chiy50 ea
101 0  @achi
102    @aCN@b310000
105    @aa z 000ay
200 1  @a我爱跆拳道@9wo ai tai quan dao@f孙昌建著
210    @a上海@c上海人民出版社@d2005
215    @a316页@c图@d21cm
606 0  @a儿童文学@x长篇小说@y中国@z现代
606 0  @x中国
606 0  @a长篇小说
690    @aI287.45@v5
690    @aI247.5@v4
701  0 @a孙昌建@9sun chang jian@f(1960~)@4著
801  0 @aCN@bTSSF@c20150128
905    @aZUCC@dI247.5@eJY452
    
    我爱跆拳道/孙昌建著.-上海:上海人民出版社,2005
    316页:图;21cm
    
    
    ISBN 7-208-05578-5:CNY18.00
    
●
相关链接 在E读中查询图书 在五车中查询图书 在当当中查询图书 在豆瓣中查询图书


正题名:我爱跆拳道     索取号:I247.5/JY452         预约/预借

序号 登录号 条形码 馆藏地/架位号 状态 备注
1 7837660   278376605   学院路分馆/ [索取号:I247.5/JY452] 在馆    
2 7837661   278376614   学院路分馆/ [索取号:I247.5/JY452] 在馆    
唐山师范学院图书馆 欢迎您!
大连网信软件有限公司© 版权所有